ბათუმის შოთა რუსთაველის სახელმწიფო უნივერსიტეტის ბიბლიოთეკა

ნეიშნის ფიცი. (ბიბ.ჩანაწერი № 42123)

000 -LEADER
fixed length control field 00744nam a2200229Ia 4500
001 - CONTROL NUMBER
control field 8815
003 - CONTROL NUMBER IDENTIFIER
control field GE_BSU
008 - FIXED-LENGTH DATA ELEMENTS--GENERAL INFORMATION
fixed length control field 181216s||||||||xx |||||||||||||| ||und||
040 ## - CATALOGING SOURCE
Transcribing agency GE_BSU
080 ## - UNIVERSAL DECIMAL CLASSIFICATION NUMBER
Universal Decimal Classification number 821.353.1-31
100 ## - MAIN ENTRY--PERSONAL NAME
Personal name კალანდაძე,ალექსანდრე
245 ## - TITLE STATEMENT
Title ნეიშნის ფიცი.
245 ## - TITLE STATEMENT
Remainder of title რომანი
245 ## - TITLE STATEMENT
Statement of responsibility, etc. რედ:ციალა ქაროსანიძე;მხატვ:სპარტაკ ცინცაძე
260 ## - PUBLICATION, DISTRIBUTION, ETC.
Place of publication, distribution, etc. თბილისი
260 ## - PUBLICATION, DISTRIBUTION, ETC.
Name of publisher, distributor, etc. მერანი
260 ## - PUBLICATION, DISTRIBUTION, ETC.
Date of publication, distribution, etc. 1977
300 ## - PHYSICAL DESCRIPTION
Extent 535გვ.22სმ
653 ## - INDEX TERM--UNCONTROLLED
Uncontrolled term ნეიშნის ფიცი.რომანი
653 ## - INDEX TERM--UNCONTROLLED
Uncontrolled term რომანი
942 ## - ADDED ENTRY ELEMENTS (KOHA)
Koha item type წიგნი
ეგზემპლარები
Withdrawn status Lost status Damaged status Not for loan Date acquired Barcode Date last seen Price effective from Koha item type
        2018-12-17 31273 2018-12-17 2018-12-17 წიგნი